| 000 | 00429cam a2200169ua 4500 | ||
|---|---|---|---|
| 041 |
_aeng _h |
||
| 082 |
_a300.1 _bFEI/LI |
||
| 100 | _aFeiring, Bruce R . | ||
| 245 |
_aLinear programming :An introduction / _cBruce R Feiring. _hTextual Documents |
||
| 250 |
_a1 / _b. |
||
| 260 |
_aNew Delhi : _bSage Publications , _c1986. |
||
| 300 | _a91 ; . | ||
| 500 | _a**Reference | ||
| 504 | _a | ||
| 942 | _cBK | ||
| 999 |
_c8124 _d8124 |
||